=LDR 00000nam 2200000 4500 =001 INLIS000000000009737 =005 20130612101523 =008 ***********************************Ind** =035 ##$$0010-061300000009737 =041 ##$$a Ind =082 ##$$a 634.337 =090 ##$$a 634.337, Ruk n =100 ##$$a Rukmana, Rahmat =245 ##$$a Jeruk Nipis, Rahmat Rukmana =260 ##$$a 2000 $b Yogyakarta =300 ##$$a 49 hlm, ilus, 21 cm =650 ##$$a Jeruk Nipis =850 ##$$a NBPNMAT